00473nam a22001817a 450000500170000001000140001702000100003103500130004103700130005408200130006710000140008024500650009426000470015927000220020630000220022865000220025070000190027220100809154811.0 aENG-99121 c50.00 aEN-82653 bDBAD/PUB a005.7136 aGopu Ramu aInternet outlook express /cby Gopu Raju [and] A. Ravi Kiran aVijaywadabSri Balaji Publicationsc(200?) bVijaywadae520002 a160p.c22cm (pbk) aMicrosoft Outlook aKiran, A. Ravi